| 000 | 00637nam a2200241Ia 4500 | ||
|---|---|---|---|
| 008 | 220216s9999 xx 000 0 und d | ||
| 100 | _aChoudhury M | ||
| 245 | 0 | _aBanana grown as an intercrop in rubber plantation requires less fertilizer | |
| 260 |
_bRubber Science _c2013 |
||
| 300 | _a204-209 | ||
| 650 | _abanana intercropping | ||
| 650 | _abanana intercropping | ||
| 650 | _abcr | ||
| 650 | _abcr | ||
| 650 | _anort east india | ||
| 650 | _anort east india | ||
| 650 | _arubber | ||
| 650 | _arubber | ||
| 650 | _asoil and leaf nutrients | ||
| 650 | _asoil and leaf nutrients | ||
| 700 | _aJessy M D | ||
| 942 | _cAR | ||
| 999 |
_c47220 _d47220 |
||